000
00244nam a22001217a 4500
008
171123b xxu||||| |||| 00| 0 eng d
041
_a
eng
080
_a
51
100
_a
37
101
_a
MAT
245
_a
CALCULUS
_c
BERS.L
942
_2
udc
_c
BK
999
_c
38335
_d
38335